| 000 | 00962cam a2200277 a 4500 | ||
|---|---|---|---|
| 999 |
_c2056 _d2056 |
||
| 001 | 403772 | ||
| 003 | OSt | ||
| 005 | 20230303101959.0 | ||
| 008 | 100216s2010 enkab j 000 0 eng d | ||
| 020 |
_a9781407110806 _q(pbk.) : |
||
| 040 |
_aNF _cTTCT _dTTCT _dKH8 |
||
| 042 | _anbic | ||
| 082 | 0 | _a551.457 GAN | |
| 100 | 1 |
_aGaneri, Anita, _d1961- _eauthor |
|
| 245 | 1 | 0 |
_aCracking coasts / _cAnita Ganeri ; illustrated by Mike Phillips. |
| 250 | _aNew ed. | ||
| 260 |
_aLondon : _bScholastic, _c2010. |
||
| 300 |
_a126 p. : _bill. ; _c20 cm. |
||
| 490 | 1 | _aHorrible geography. | |
| 500 | _aPrevious edition: 2006. | ||
| 520 | _aWhere in the world can you: Surf an awesome reef breaker? Visit the spooky Skeleton Coast? Go sailing with a snail? Get the earth-shattering facts in Cracking Coasts? [back cover] | ||
| 650 | 0 |
_aCoasts _vJuvenile literature. |
|
| 700 | 1 |
_aPhillips, Mike, _d1961- _eillustrator |
|
| 830 | 0 | _aHorrible geography. | |
| 942 |
_2ddc _cNFIC |
||